Normal view
MARC view
- MSEE-7 SOH
Entry Personal Name
001 - CONTROL NUMBER
- control field: 7527
003 - CONTROL NUMBER IDENTIFIER
- control field: NUST
005 - DATE AND TIME OF LATEST TRANSACTION
- control field: 20171222151752.0
008 - FIXED-LENGTH DATA ELEMENTS
- fixed length control field: 171222|| aca||aabn | a|a d
040 ## - CATALOGING SOURCE
- Original cataloging agency: NUST
- Transcribing agency: NUST
100 ## - HEADING--PERSONAL NAME
- Personal name: MSEE-7 SOH
670 ## - SOURCE DATA FOUND
- Source citation: Work cat.: (NUST): MSEE-7 SOH, Use of dynamic mode decomposition for epileptic seizure detection from EEG, 2017
